000 00593nam a2200241Ia 4500
003 OSt
005 20221005131338.0
006 a|||||r|||| 00| 0
007 ta
008 221004b |||||||| |||| 00| 0 tam d
024 _a49081
037 _cTextual
040 _aCRL
_cCRL
_btam
041 _2tam
_atam
082 _aO31,2N26,2, L2
100 _aKannadasan
_9625283
245 0 _aSivagengai c chimai
260 _c1972
300 _a160
_ccm.
650 _aTAMIL DRAMA
_9192671
942 _hO31,2N26,2, L2
_cTEXL
_2cc
999 _c1060056
_d1060056